| 000 | 01855cam a2200409 i 4500 | ||
|---|---|---|---|
| 001 | 200464053 | ||
| 003 | TR-AnTOB | ||
| 005 | 20250415121528.0 | ||
| 007 | ta | ||
| 008 | 250415s2023 enkab b 001 0 eng | ||
| 010 | _a 2022003440 | ||
| 020 |
_a9780141994260 _q(paperback) |
||
| 035 | _a(TR-AnTOB) | ||
| 040 |
_aLBSOR/DLC _beng _erda _cDLC _dDLC _dTR-AnTOB |
||
| 041 | 0 | _aeng | |
| 050 | 0 | 4 |
_aBF431 _b.B7535 2023 |
| 090 |
_aBF431 _b.B7535 2023 |
||
| 100 | 1 |
_aBridle, James _eauthor _9148536 |
|
| 245 | 1 | 0 |
_aWays of being : _banimals, plants, machines : the search for a planetary intelligence / _cJames Bridle. |
| 264 | 1 |
_aLondon : _bPenguin Books, _c2023. |
|
| 300 |
_axiv, 364 pages : _billustrations, maps ; _c20 cm |
||
| 336 |
_atext _btxt _2rdacontent |
||
| 337 |
_aunmediated _bn _2rdamedia |
||
| 338 |
_avolume _bnc _2rdacarrier |
||
| 500 | _a"Originally published in 2022 by Allen Lane, Great Britain, as Ways of being : beyond human intelligence." | ||
| 504 | _aBIBINDX | ||
| 505 | 0 | _aIntroduction: More than human -- Thinking otherwise -- Wood wide webs -- The thicket of life -- Seeing like a planet -- Talking to strangers -- Non-binary machines -- Getting random -- Solidarity -- The Internet of animals -- Conclusion: Down on the metal farm. | |
| 520 |
_a"Artist, technologist, and philosopher James Bridle's Ways of Being is a brilliant, searching exploration of different kinds of intelligence-plant, animal, human, artificial-and how they transform our understanding of humans' place in the cosmos"-- _cProvided by publisher. |
||
| 650 | 0 |
_aIntellect _955419 |
|
| 650 | 0 |
_aPhilosophy of mind _916271 |
|
| 650 | 0 |
_aCognitive science _921558 |
|
| 650 | 0 |
_aInformation technology _xPhilosophy _9119727 |
|
| 650 | 0 |
_aHuman ecology _935533 |
|
| 942 |
_2lcc _cBK |
||
| 999 |
_c200464053 _d82265 |
||